All Kanye West Songs - Statistics

General Stats
  • This quiz has been taken 46 times
    11 since last reset
  • The average score is 135 of 249
Answer Stats
Hint Answer % Correct
All of the Lights
100%
All of the Lights (interlude)
100%
Bound 2
100%
My Beautiful Dark TwistedFantasy> Dark Fantasy
100%
ft. Rick Ross Devil In a New Dress
100%
ft. Dwele Flashing Lights
100%
Good (Don't Die)
100%
Graduation> Good Morning
100%
I Wonder
100%
ft. Jay-Z, Rick Ross, NickiMInaj & Bon Iver Monster
100%
Yeezus> On Sight
100%
Stronger
100%
Through the Wire
100%
ft. Lupe Fiasco Touch The Sky
100%
530
75%
ft. Syleena Johnson All Falls Down
75%
All Mine
75%
w/ Andre Troutman All the love
75%
ft. Young Jeezy Amazing
75%
Big Brother
75%
Black Skinhead
75%
Blood On The Leaves
75%
Can't Tell Me Nothing
75%
ft. Playboi Carti & Rich The Kid Carnival
75%
Champion
75%
w/ Don Toliver Circles
75%
ft. Jay-Z Diamonds From Sierra Leone
75%
ft. DJ Premier Everything I Am
75%
Family Business
75%
w/ Travis Scott Father
75%
w/ Playboi Carti & Don Toliverft. Kodak Black Field Trip
75%
ft. 070 Shake, Kid Cudi &PARTYNEXTDOOR Ghost Town
75%
ft. Jamie Foxx Gold Digger
75%
ft. T-Pain Good Life
75%
Heartless
75%
Hell of a Life
75%
Hold My Liquor
75%
ft. Chris Martin Homecoming
75%
w/ The Weeknd, ft. Lil Baby Hurricane
75%
single; w/ Lil Pump I Love It
75%
The College Dropout> Intro
75%
ye> I Thought About Killing You
75%
ft. Yasiin Bey Kids See Ghosts
75%
King
75%
Lil Jimmy Skit
75%
ft. Don Toliver & Kid Cudi Moon
75%
ft. Kendrick Lamar No More Parties in LA
75%
ft. Mr Hudson Paranoid
75%
Punch drunk
75%
RoboCop
75%
Roses
75%
ft. Pusha T Runaway
75%
808s & Heartbreak Say You Will
75%
ft. Lil Wayne See You In My Nightmares
75%
Skit #1
75%
Skit #2
75%
Skit #3
75%
Skit #4
75%
Street Lights
75%
The New Workout Plan
75%
DONDA 2>w/ XXXTENTACION True Love
75%
Violent Crimes
75%
Late Registration> Wake Up Mr. West
75%
ft. Kid Cudi Welcome To Heartbreak
75%
Who Will Survive In America
75%
Workout Plan
75%
Yikes
75%
24
50%
ft. Louis Prima 4th Dimension
50%
Bad News
50%
ft. Lil Wayne Barry Bonds
50%
Beauty and the Beast
50%
ft. Chris Brown Beg Forgiveness
50%
Believe What I Say
50%
ft. John Legend Blame Game
50%
w/ North West & Chicago Westft. Yuno Miles Bomb
50%
ft. Don Toliver Broken Road
50%
w/ CeeLo Green Bully
50%
Burn
50%
by Sean Leon ft. Ye Burn Everything
50%
ft. Don Toliver City of Chi
50%
w/ Fivio Foreign & Alicia Keys City of Gods
50%
Closed on Sunday
50%
single; ft. DJ Khaled Cold
50%
Coldest Winter
50%
ft. The Game Crack Music
50%
Cudi Montage
50%
Damn
50%
ft. Stalone & The World FamousTony Williams Donda
50%
Donda>ft. Syleena Johnson Donda Chant
50%
ft. Mos Def Drunk and Hot Girls
50%
single; w/ The Game Eazy
50%
JESUS IS KING>ft. Sunday Service Choir Every Hour
50%
ft. Ant Clemons & Ty Dolla $ign Everything We Need
50%
w/ Charlie Heat Facts (Charlie Heat Version)
50%
ft.Post Malone & Ty Dolla $ign Fade
50%
ft. Rihanna Famous
50%
ft. Kid Cudi Father Stretch My Hands Pt.1
50%
Feedback
50%
KIDS SEE GHOSTS>ft. Pusha T Feel The Love
50%
Fire
50%
ft. Soulja Boy First Time In a Long Time
50%
Follow God
50%
Forever
50%
w/ Lil Baby Forever Rolling
50%
ft. Frank Ocean Frank's Track
50%
ft. Ty Dolla $ign Freeee (Ghost Town, pt.2)
50%
Fried
50%
ft. Playboi Carti & Travis Scott Fuk Sumn
50%
ft. Vory God Breathed
50%
God is
50%
ft. Mos Def & Al Be Back Good Night
50%
ft. Kid Cudi & Raekwon Gorgeous
50%
Graduation Day
50%
ft. Future Happy
50%
ft. Adam Levine Heard 'Em Say
50%
Heaven and Hell
50%
Hey Mama
50%
ft. The-Dream & Young Thug Highlights
50%
Highs and lows
50%
single; w/ Cardi B & Lil Durk Hot Shit
50%
Husband
50%
ft. "God" I Am A God
50%
I can't wait
50%
I Love Kanye
50%
I'm In It
50%
Isabella
50%
ft. Jay-Z Jail
50%
ft. DaBaby & Marilyn Manson Jail, Pt.2
50%
Jesus Is Lord
50%
ft. Jay Electronica Jesus Lord
50%
ft. Jay Electronica & The LOX Jesus Lord pt.2
50%
Jesus Walks
50%
ft. Lil Durk & Vory Jonah
50%
ft. Playboi Carti Junya
50%
ft. Playboi Carti & Ty Dolla $ign Junya pt.2
50%
ft. Conway the Machine &Westside Gunn Keep My Spirit Alive
50%
ft. Conway the Machine, KayCyy& Westside Gunn Keep My Spirit Alive pt.2
50%
Keep The Flowers
50%
ft. India Love Keys To My Life
50%
w/ Peso Pluma Last Breath
50%
Last Call
50%
Late
50%
w/ Andre 3000 Life Of The Party
50%
w/ Lil Wayne Lifestyle
50%
single Lift Yourself
50%
ft. Bon Iver Lost In the World
50%
Low Lights
50%
Mama's favorite
50%
ft. Playboi Carti & Future Mr Miyagi
50%
Never Abandon Your Family
50%
New Again
50%
ft. Vory No Child Left Behind
50%
No Mistakes
50%
ft. Fivio Foreign & Playboi Carti Off The Grid
50%
ft. Lil Yachty & Rooga Ok Ok
50%
ft. Rooga & Shenseea Ok Ok, Pt.2
50%
On God
50%
ft. Future, Marilyn Manson &Travis Scott Pablo
50%
Pinocchio Story
50%
Power
50%
ft. Baby Keem & Travis Scott Praise God
50%
Preacher Man
50%
ft. Desiigner Pt. 2
50%
ft. Roddy Ricch & Shenseea Pure Souls
50%
ft. Ty Dolla $ign Real Friends
50%
Reborn
50%
ft. Young Thug Remote Control
50%
ft. Kid Cudi & Young Thug Remote Control pt. 2
50%
w/ Young Thug River
50%
ft. Sampha Saint Pablo
50%
School Spirit
50%
School Spirit Skit 1
50%
School Spirit Skit 2
50%
ft. Sean Leon SCIFI
50%
Bonus Track; ft. Beyonce,Charlie Wilson & Big Sean See Me Now
50%
Selah
50%
Send It Up
50%
ft. Max B Siiiiiilver Surffffeeeeer intermission
50%
Sisters and brothers
50%
w/ 070 Shake & Desiignerft. CyHi Sky City
50%
VULTURES 2> Slide
50%
ft. Jay-Z, Pusha T, CyHi,Swizz Beats & RZA So Appalled
50%
ft. GLC & Consequence Spaceship
50%
VULTURES> Stars
50%
Suzy
50%
ft. North West Talking
50%
ft. Pop Smoke Tell the Vision
50%
The Glory
50%
This a must
50%
This one here
50%
Time Moving Slow
50%
Too Easy
50%
The Life of Pablo>ft. Chance the Rapper, Kelly Price, Kirk Franklin & The- Dream Ultralight Beam
50%
Donda Deluxe> Up From The Ashes
50%
ft. Clipse & Kenny G Use This Gospel
50%
ft. Bump J & Lil Durk Vultures
50%
single; ft. Travis Scott Wash Us in the Blood
50%
ft. Ant Clemons Water
50%
ft. Baby Keem & Migos We Did It
50%
We Don't Care
50%
ft. Nas & Really Doe We Major
50%
Whatever works
50%
w/ Andre Troutman White Lines
50%
ft. Sia & VIC MENSA Wolves
50%
ft. PARTYNEXTDOOR Wouldn't leave
50%
30 Hours
25%
Addiction
25%
single All Day
25%
ft. Freddie Gibbs Back To Me
25%
ft. Ludacris Breathe In Breathe Out
25%
ft. Brandy Bring Me Down
25%
Celebration
25%
single; ft. CyHi & TeyanaTaylor Christmas In Harlem
25%
Come to Life
25%
w/ Future & Lil Durk Dead
25%
ft. Nipsey Hussle & YG Do It
25%
ft. Paul Wall & GLC Drive Slow
25%
ft. The Weeknd FML
25%
ft. Desiigner Freestyle 4
25%
ft. Talib Kweli & Common Get Em High
25%
Get Lost
25%
ft. Consequence & Cam'ron Gone
25%
Guilt Trip
25%
ft. Fred Hammond Hands On
25%
ft. Mike Tyson Hoodrat
25%
single; ft. Twista, Keyshia& BJ Impossible
25%
Jesse
25%
Lord I Need You
25%
ft. Vory Lord Lift Me Up
25%
ft. Jack Harlow Louie Bags
25%
Love Lockdown
25%
Maintenance
25%
ft. Big TC My Soul
25%
ft. Common My Way Home
25%
ft. Jay-Z & J. Ivy Never Let Me Down
25%
Paid
25%
ft. Quavo Paperwork
25%
Problematic
25%
w/ Future Promotion
25%
Security
25%
w/ Jamie Foxx & Twista Slow Jamz
25%
ft. Mos Def, Freeway & TheBoys Choir of Harlem Two Words
25%
ft. Chris Brown Waves
25%
single XTCY
25%
I'll Fly Away
0%
New Slaves
0%
No matching quizzes found
Score Distribution
Percent of People with Each Score
Percentile by Number Answered
Your Score History
You have not taken this quiz since the last reset